Evolved Galarian Form Pokémon - Statistics

General Stats
  • This quiz has been taken 7 times
  • The average score is 5 of 6
Answer Stats
Answer % Correct
Obstagoon
100%
Perrserker
100%
Runerigus
75%
Sirfetch’d
75%
Cursola
50%
Mr. Rime
50%
No matching quizzes found
Score Distribution
Percent of People with Each Score
Percentile by Number Answered
Your Score History
You have not taken this quiz